[Event "MEX-ch"]
[Site "Hermosillo"]
[Date "2003.12.03"]
[Round "4"]
[White "Villegas Corona, Rafael"]
[Black "Blanco Fernandez, Rafael"]
[Result "0-1"]
[WhiteElo "2282"]
[BlackElo "2390"]
[PlyCount "55"]
[EventDate "2003.12.01"]
[EventType "swiss"]
[EventRounds "9"]
[EventCountry "MEX"]
[SourceTitle "CBM 097 Extra"]
[Source "ChessBase"]
[SourceDate "2004.01.13"]
[SourceVersion "1"]
[SourceVersionDate "2004.01.13"]
[SourceQuality "1"]

1. d4 d5 2. f4 c5 3. e3 Nc6 4. Nf3 Bf5 5. c3 e6 6. Be2 Qa5 7. Nbd2 c4 8. Nh4 h6 9. g4 Bh7 10. 0-0 b5 11. Ndf3 Bd6 12. Bd2 Nge7 13. Qe1 Qc7 14. Qf2 a5 15. Ne5 Nd8 16. Bf3 f6 17. Bg2 Qc8 18. e4 fxe5 19. fxe5 Bc7 20. exd5 Nxd5 21. g5 hxg5 22. Bxg5 Qd7 23. Bf3 Nf7 24. Bh5 0-0 25. Bd2 Nxe5 26. Qxf8+ Rxf8 27. Rxf8+ Kxf8 28. dxe5 0-1